Religion General Knowledge - Statistics

General Stats
  • This quiz has been taken 28 times
  • The average score is 19 of 25
Answer Stats
Question Answer % Correct
19) Adams female counterpart in the Garden of Eden was Eve
100%
22) The sacred book of Islam is called the Quran
100%
4) This man rejected Catholic teachingsand started the Protestant movement Martin Luther
96%
13) This prophet is the center of Islam Muhammad
96%
20) God entrusted this man to build a giant arkfor all the animals on Earth before he flooded it Noah
96%
8) The Catholic church is headquartered in this micronation Vatican City
96%
2) Jesus was said to be born in this Israeli small town Bethlehem
92%
6) Series of military campaigns to reclaimJerusalem for Christianity Crusades
92%
1) Who is the Norse god of thunder? Thor
88%
12) The holiest river in Hinduism Ganges
85%
3) The Church of Latter Day Saints is alsoknown as Mormon
85%
18) This book describes the Hebrewsescape from slavery in Egypt Exodus
81%
21) The first 5 books of the Hebrew bible are called the Torah
81%
16) According to Norse mythology, this is a grandhall where soldiers go in the afterlife Valhalla
81%
11) Also known as Siddhartha Gautama Buddha
77%
5) He is the Norse god of mischief and father of Fenrir Loki
77%
10) Indigenous religion of Japan Shinto
77%
15) The leader of the Anglican church is called theArchbishop of _________ Canterbury
69%
7) Ancient Celtic priests were called druids
69%
14) Brigham Young brought his Mormon followers and established this city Salt Lake City
69%
24) According to the Bible, Jesus was crucifiedunder this Roman generals rule Pontius Pilate
65%
25) Bob Marley was a follower of this Jamaican religion Rastafarianism
54%
23) This ancient religion began in Iran in the 6th century BC centering on the god Ahura Mazda Zoroastrianism
42%
17) Ancient Chinese religion centering on socialharmony, character, and benevolence Confucianism
38%
9) This group votes to elect the new pope College of Cardinals
27%
No matching quizzes found
Score Distribution
Percent of People with Each Score
Percentile by Number Answered
Your Score History
You have not taken this quiz